The Elephant in Thai Life & Legend: (Record no. 9984)

MARC details
000 -LEADER
fixed length control field 00428nam a22001577a 4500
008 - FIXED-LENGTH DATA ELEMENTS--GENERAL INFORMATION
fixed length control field 240829b |||||||| |||| 00| 0 eng d
020 ## - INTERNATIONAL STANDARD BOOK NUMBER
International Standard Book Number 9748630293
082 ## - DEWEY DECIMAL CLASSIFICATION NUMBER
Classification number 599.67 AMR
100 ## - MAIN ENTRY--PERSONAL NAME
Personal name Amranand, Ping
245 ## - TITLE STATEMENT
Title The Elephant in Thai Life & Legend:
250 ## - EDITION STATEMENT
Edition statement 1st ed.
260 ## - PUBLICATION, DISTRIBUTION, ETC.
Place of publication, distribution, etc. Thailand:
Name of publisher, distributor, etc. Monsoon Editions;
Date of publication, distribution, etc. 1998
300 ## - PHYSICAL DESCRIPTION
Extent 13, 239 p.
Other physical details Color Illus.
Dimensions 33.7 cm
700 ## - ADDED ENTRY--PERSONAL NAME
Personal name Warren, William
Relator term Author
942 ## - Added entry Elements (Koha)
Source of classification or shelving scheme Dewey Decimal Classification
Holdings
Withdrawn status Lost status Source of classification or shelving scheme Damaged status Not for loan Collection code Home library Current library Shelving location Date acquired Source of acquisition Serial Enumeration / chronology Full call number Barcode Date last seen Price effective from Koha item type Public note
    Dewey Decimal Classification     Special collections RTC Library RTC Library Special collections 29/08/2024 Donation 18741 599.67 AMR 30019888 29/08/2024 29/08/2024 Special Collections Donated by Dasho Singye Palden Yonten
Royal Thimphu College || All Right Reserved